[Event "Ramco Open 2018"]
[Site "Virudhunagar"]
[Date "2018.12.01"]
[Round "6"]
[White "Srihari L R"]
[Black "Chaithanyaa K G"]
[Result "1-0"]
[WhiteElo "2282"]
[BlackElo "2005"]
[Annotator "NA"]
[PlyCount "97"]
[EventDate "2018.11.29"]
[EventType "swiss"]
[EventCountry "IND"]
[SourceTitle "playchess.com"]
[Source "ChessBase"]
[SourceQuality "1"]
[TimeControl "5400+30"]

1. Nf3 {[%emt 0:00:00]} Nf6 {[%emt 0:05:57]} 2. c4 {[%emt 0:02:05]} e6 {[%emt 1:25:03]} 3. b3 {[%emt 0:05:26]} d5 {[%emt 0:00:00]} 4. Bb2 {[%emt 0:00:05]} Be7 {[%emt 0:00:00]} 5. g3 {[%emt 0:00:08]} O-O {[%emt 0:00:00]} 6. Bg2 {[%emt 0:00:04]} b6 {[%emt 0:00:00]} 7. O-O {[%emt 0:00:07]} Bb7 {[%emt 0:00:00]} 8. e3 {[%emt 0:00:17]} Nbd7 {[%emt 0:00:00]} 9. Qe2 {[%emt 0:00:08]} Re8 {[%emt 0:00:00]} 10. Rd1 {[%emt 0:02:07] LiveBook: 6 Games A14: English Opening: 1...e6 with b3 by White} (10. d4 Ne4 11. Nbd2 Ndf6 12. Rfd1 a5 13. a3 Bd6 14. Ne5 Qe7 15. Nf1 Bxe5 16. dxe5 Nd7 17. Qc2 Rac8 {1-0 (30) Movsesian,S (2673)-Meskovs,N (2489) Tallinn 2016}) 10... Bf8 {[%emt 0:00:00]} 11. d4 {[%emt 0:00:31]} c5 $146 {[%emt 0:00:00]} ({Predecessor:} 11... Rc8 12. Nc3 Bb4 13. Rac1 Qe7 14. Ne1 c6 15. Nd3 Ba6 16. Nxb4 Qxb4 17. Nb1 dxc4 {½-½ (43) Santos Ruiz,M (2510)-Ranaivoharisoa,A (2142) Caleta 2018}) 12. Nc3 {[%emt 0:00:30]} Rc8 {[%emt 0:00:00]} 13. Rac1 cxd4 {[%emt 0:00:00]} 14. Nxd4 {[%emt 0:17:10]} Bb4 {[%emt 0:00:00]} 15. cxd5 {[%emt 0:02:49]} Bxc3 {[%emt 0:00:00]} 16. dxe6 {[%emt 0:15:06]} Bxg2 {[%emt 0:00:00]} 17. exd7 {[%emt 0:03:46]} Qxd7 {[%emt 0:00:00]} 18. Kxg2 {[%emt 0:00:52]} Bxd4 $16 {[%emt 0:00:00]} 19. Rxd4 {[%emt 0:13:19]} Qxd4 {[%emt 0:00:00]} 20. Rxc8 {[%emt 0:00:54]} Qe4+ {[%emt 0:00:00]} 21. f3 {[%emt 0:01:20]} Qb1 {[%emt 0:00:00]} 22. Rxe8+ {[%emt 0:00:58]} Nxe8 {[%emt 0:00:00]} 23. Bd4 {[%emt 0:00:42]} Nd6 {[%emt 0:00:00]} 24. e4 {[%emt 0:00:57]} h6 {[%emt 0:00:00]} 25. Bf2 {[%emt 0:00:34]} Kh7 {[%emt 0:00:00]} 26. Qa6 {[%emt 0:03:59]} Qc2 {[%emt 0:00:00]} 27. Qxa7 {[%emt 0:01:10]} Nxe4 {[%emt 0:00:00]} 28. Qxb6 {[%emt 0:00:08]} Nd2 {[%emt 0:00:00]} 29. Qa6 {[%emt 0:05:36]} Nb1 {[%emt 0:00:00]} 30. Qc4 {[%emt 0:02:23]} Qxa2 {[%emt 0:00:00]} 31. Qxf7 {[%emt 0:00:31]} Nd2 {[%emt 0:00:00]} 32. Qf5+ {[%emt 0:00:27]} Kh8 {[%emt 0:00:00]} 33. b4 {[%emt 0:03:53]} Qc4 {[%emt 0:00:00]} 34. Qf8+ {[%emt 0:00:10]} Kh7 {[%emt 0:00:00]} 35. g4 {[%emt 0:00:15]} Qf1+ {[%emt 0:00:00]} 36. Kg3 {[%emt 0:00:10]} Qe2 {[%emt 0:00:00]} 37. Qf5+ {[%emt 0:04:26]} Kh8 {[%emt 0:00:15]} 38. Qc8+ {[%emt 0:00:36]} Kh7 {[%emt 0:00:01]} 39. Qc2+ {[%emt 0:00:28]} Kh8 {[%emt 0:00:10]} 40. Qc3 {[%emt 0:00:42]} Nf1+ {[%emt 0:01:10]} 41. Kg2 {[%emt 0:00:07]} Nd2 {[%emt 0:00:23]} 42. b5 {[%emt 0:00:58]} Nc4 {[%emt 0:00:53]} 43. Kg3 {[%emt 0:01:13]} Qe6 {[%emt 0:03:43]} 44. Qd4 {[%emt 0:01:08]} Nd6 {[%emt 0:01:07]} 45. b6 {[%emt 0:00:39]} h5 {[%emt 0:00:26]} 46. Qf4 {[%emt 0:01:09]} hxg4 {[%emt 0:00:09]} 47. Qxg4 {[%emt 0:01:16]} Qd5 {[%emt 0:00:18]} 48. Kg2 {[%emt 0:00:37]} Kg8 {[%emt 0:00:27]} 49. h4 {[%emt 0:00:10]} 1-0

[Event "Ramco Open 2018"]
[Site "Virudhunagar"]
[Date "2018.12.01"]
[Round "6"]
[White "Prasannaa.s"]
[Black "Harikrishnan.A.Ra"]
[Result "1/2-1/2"]
[WhiteElo "2218"]
[BlackElo "2420"]
[Annotator "TA"]
[PlyCount "72"]
[EventDate "2018.11.29"]
[EventType "swiss"]
[EventCountry "IND"]
[SourceTitle "playchess.com"]
[Source "ChessBase"]
[SourceQuality "1"]

{[%evp 15,72,28,23,10,26,23,19,0,36,40,70,55,83,79,79,86,87,87,86,86,87,87,87,81,95,89,97,74,69,67,91,86,100,83,86,86,89,82,97,83,85,68,96,93,99,0,90,0,99,99,99,71,79,72,135,0,0,0,0]} 1. e4 e6 2. d4 d5 3. Nd2 a6 4. Ngf3 c5 5. exd5 exd5 6. c4 {C08: French Tarrasch: 3...c5 4 exd5 exd5 sidelines} (6. Be2 c4 7. O-O Bd6 8. b3 cxb3 9. cxb3 Nc6 10. Re1 Nge7 11. Bb2 O-O 12. Ne5 f6 13. Nxc6 Nxc6 14. Bf3 Kh8 {½-½ (28) Wei,Y (2739)-Ivanchuk,V (2729) Medias 2017}) 6... Nf6 7. cxd5 Nxd5 8. Bc4 b5 {LiveBook: 3 Games} 9. Bxd5 Qxd5 10. O-O Be6 11. Re1 $146 {[#] aiming for Re5.} ({Predecessor:} 11. dxc5 Bxc5 12. Nb3 Be7 13. Nbd4 Bg4 {½-½ (21) Shyam,S (2312)-Girinath,P (2423) Nagpur 2008}) 11... cxd4 12. Nb3 Nc6 13. Nfxd4 (13. Nbxd4 {keeps more tension.} Rd8 14. Nxe6 fxe6 15. Qe2 Be7 16. Bd2) 13... Nxd4 14. Nxd4 Be7 15. Nxe6 fxe6 16. Qxd5 exd5 17. Bg5 $1 Ra7 18. Rad1 Kf7 19. Rxd5 Bxg5 20. Rxg5 $16 {[%mdl 4096] Endgame KRR-KRR} Rd8 21. Rge5 Rc7 22. R5e2 a5 23. g3 a4 24. a3 Rd3 25. Re4 {Strongly threatening Rf4+.} h6 26. Rb4 Rd5 27. Re3 Rc2 28. Kg2 Kg8 29. Rf3 Re5 30. Kg1 ({White should try} 30. h4 $16) 30... Rd5 (30... Rc1+ $11 {keeps the balance.} 31. Kg2 Rec5) 31. Kg2 Re5 $1 32. h3 Rd5 33. g4 h5 {[%cal Bh6h5,Bh5h4][%mdl 32]} 34. Kg3 g6 ({Better is} 34... Kh7) 35. Rbf4 (35. Rf6 $16) 35... h4+ $1 $11 36. Kg2 Rxb2 {Accuracy: White = 64%, Black = 55%.} 1/2-1/2

[Event "Ramco Open 2018"]
[Site "Virudhunagar"]
[Date "2018.12.01"]
[Round "6"]
[White "Gunasekaran, K.."]
[Black "Maheswaran, P.."]
[Result "1/2-1/2"]
[WhiteElo "1987"]
[BlackElo "2217"]
[Annotator "TA"]
[PlyCount "51"]
[EventDate "2018.11.29"]
[EventType "swiss"]
[EventCountry "IND"]
[SourceTitle "playchess.com"]
[Source "ChessBase"]
[SourceQuality "1"]

{[%evp 15,51,0,12,-18,-19,-18,0,-28,-13,-62,-62,-72,-29,-39,-41,-34,-21,-26,-23,-23,-27,-27,-26,-31,-27,-29,0,0,0,-22,0,0,0,0,6,8,12,13]} 1. d4 Nf6 2. Nf3 e6 3. Bg5 d5 4. e3 c5 5. c3 Nbd7 6. Nbd2 Bd6 7. Bd3 h6 8. Bh4 O-O {LiveBook: 12 Games} 9. Qc2 {D03: 1 d4 d5 2 Nf3 Nf6 3 Bg5, including Torre Attack with early ...d5} (9. O-O b6 10. Re1 Bb7 11. a4 Qc7 12. Qb1 a6 13. Bg3 Bxg3 14. hxg3 e5 15. dxe5 Nxe5 16. Nxe5 Qxe5 {1-0 (92) Fedoseev,V (2661)-Leko,P (2723) Moscow 2014}) 9... Qc7 10. O-O b6 {[%cal Bb7b6,Bb6b5][%mdl 32]} 11. Rfe1 (11. e4 $5 {[%cal Re4e5]} cxd4 12. cxd4 $11) 11... Bb7 12. Rad1 c4 $146 ({Predecessor:} 12... Rfe8 13. Nf1 Ne4 14. N3d2 f5 {1-0 (70) Boe Olsen,M (2390)-Mork,K (2275) Budapest 2002}) 13. Be2 b5 14. Bg3 Bxg3 15. hxg3 a5 16. b3 Rfc8 17. bxc4 bxc4 18. Rb1 Bc6 19. Rb2 Nb6 20. Ne5 Na4 21. Rbb1 {The position is equal.} Be8 22. Bf3 Rab8 23. e4 Rxb1 24. Rxb1 Rb8 25. Rxb8 Qxb8 26. exd5 {Accuracy: White = 58%, Black = 50%.} 1/2-1/2

[Event "Ramco Open 2018"]
[Site "Virudhunagar"]
[Date "2018.12.01"]
[Round "6"]
[White "Alaguraja, M.A."]
[Black "Ramnathan, Balasubramaniam"]
[Result "0-1"]
[WhiteElo "1756"]
[BlackElo "2182"]
[Annotator "TA"]
[PlyCount "64"]
[EventDate "2018.11.29"]
[EventType "swiss"]
[EventCountry "IND"]
[SourceTitle "playchess.com"]
[Source "ChessBase"]
[SourceQuality "1"]

{[%evp 20,64,0,-4,0,0,0,-11,-16,0,0,-6,-6,0,-6,0,2,0,0,-6,-12,-9,-12,-12,-10,-5,-3,-49,-35,-42,-25,-32,-17,-16,-10,-277,-265,-275,-266,-491,-491,-479,-482,-498,-488,-494,-229]} 1. d4 Nf6 2. Nf3 b6 3. g3 Bb7 4. Bg2 e6 5. O-O Be7 6. c4 O-O 7. b3 d5 8. Bb2 Nbd7 9. Nbd2 c5 10. e3 Rc8 11. Ne5 {LiveBook: 6 Games. E17: Queen's Indian: 4 g3 Bb7 5 Bg2 Be7} (11. Rc1 dxc4 12. Nxc4 cxd4 13. Qxd4 Nc5 14. Rfd1 Qxd4 15. Nxd4 Bxg2 16. Kxg2 Nd5 17. Nb5 a6 18. Nc3 Nxc3 19. Bxc3 b5 20. Nb6 {1-0 (37) Moiseenko,V (2492)-Timofeev,A (2580) Sochi 2018}) 11... Qc7 12. Rc1 dxc4 13. Bxb7 {The position is equal.} Qxb7 14. Ndxc4 Rfd8 $146 ({Predecessor:} 14... cxd4 15. exd4 Rc7 16. Qe2 Rfc8 17. Rfd1 Bf8 18. Nxd7 Rxd7 {0-1 (51) Rybkin,V-Slobodeniuk,N Kiev 2005}) 15. Qf3 Qxf3 16. Nxf3 Ne4 17. Rfd1 f6 18. Kg2 Kf7 19. Nfd2 Nxd2 20. Rxd2 cxd4 21. Rxd4 Nc5 22. Rcd1 Rxd4 23. Rxd4 e5 24. Rd2 Ke6 25. f3 b5 $36 {[%mdl 2048] Black is more active.} 26. Na3 $1 a6 27. Nc2 $2 {[%mdl 8192] [#]} (27. e4 $11 {and White has nothing to worry.}) 27... Nd3 $1 $19 {[%mdl 512]} 28. Na1 (28. Rxd3 Rxc2+) 28... Rd8 29. Re2 $2 (29. Bc3 b4 30. Bd4) 29... Nxb2 {Black is clearly winning.} 30. Rxb2 Rd1 31. Nc2 Rd2+ 32. Kh3 {[#]} Kd7 {Accuracy: White = 29%, Black = 63%.} (32... Ba3 $142 $1 {[%mdl 512]} 33. Nd4+ (33. Nxa3 Rxb2) 33... Rxd4) 0-1

[Event "Ramco Open 2018"]
[Site "Virudhunagar"]
[Date "2018.12.02"]
[Round "7"]
[White "Harikrishnan.A.Ra"]
[Black "Lokesh, N.."]
[Result "1-0"]
[WhiteElo "2420"]
[BlackElo "2156"]
[Annotator "TA"]
[PlyCount "126"]
[EventDate "2018.11.29"]
[EventType "swiss"]
[EventCountry "IND"]
[SourceTitle "playchess.com"]
[Source "ChessBase"]
[SourceQuality "1"]

{[%evp 19,126,12,30,-18,-22,-35,-16,-29,-15,-21,-10,-35,-55,-53,-22,-22,37,0,0,0,0,0,0,0,10,0,37,28,28,0,0,0,0,0,0,0,0,0,0,0,0,3,8,0,35,39,35,0,46,48,62,62,57,58,104,97,92,31,29,20,66,66,52,47,40,10,275,85,126,137,401,360,430,448,447,429,441,552,995,973,610,790,790,404,660,675,2204,1647,5568,5140,2345,2277,29967,29965,29974,29975,29975,29971,29977,29978,29978,29979,29979,29980,29981,29982,29982,29983,29986]} 1. e4 e5 2. Nf3 Nf6 3. Nxe5 d6 4. Nf3 Nxe4 5. Nc3 Nxc3 6. dxc3 Be7 7. Be3 O-O 8. Qd2 {C42: Petroff Defence: 3 Nxe5 and unusual White 3rd moves} Nd7 9. O-O-O Nf6 (9... c6 10. h4 d5 11. Kb1 Re8 12. Bd3 Bc5 13. Rde1 Bxe3 14. Rxe3 Rxe3 15. Qxe3 Nf6 {½-½ (28) Aronian,L (2780)-Caruana,F (2827) Batumi 2018}) 10. Bd3 c5 {LiveBook: 11 Games} 11. c4 b5 12. cxb5 a6 13. b6 Qxb6 14. c4 {[#]} Rb8 $146 ({Predecessor:} 14... d5 15. cxd5 Nxd5 16. Bxh7+ Kxh7 {1-0 (29) Lagarde,M (2594)-Michalik,P (2546) Germany 2018}) 15. h3 Bb7 16. Qc2 Rfd8 17. Rhe1 d5 (17... Re8 $11) 18. Bf4 (18. Bg5 $5 {[%cal Re1e7]} Bf8 19. Ne5 $14) 18... Bd6 19. Bxd6 Rxd6 20. Ne5 Qa5 21. b3 Qa3+ 22. Qb2 Qxb2+ (22... Qa5 {with more complications.} 23. f4 Rbd8 24. g4 Ne4 25. Qc2 Nc3) 23. Kxb2 d4 24. f3 a5 25. Ng4 Nd7 26. Nf2 Kf8 27. Bf5 (27. Bxh7 g6 $17) 27... Nb6 28. Kc2 a4 29. Rb1 ({Don't play} 29. Bxh7 g6 $17) 29... axb3+ 30. axb3 g6 31. Be4 Nd7 32. Bxb7 Rxb7 33. Nd3 Ra6 34. Ra1 Rba7 35. Rxa6 Rxa6 $14 {[%mdl 4096] Endgame KRN-KRN} 36. Kb2 $1 Re6 37. Rxe6 fxe6 $16 {[#] KN-KN} 38. Ka3 (38. b4 $1 $16) 38... Ke7 $14 39. Ka4 Kd6 40. Kb5 e5 41. b4 cxb4 42. c5+ Kc7 $2 {[%mdl 8192] [#]} (42... Ke6 $1 $11 {and Black stays safe.}) 43. Nxb4 $2 (43. Kxb4 $18 {is more deadly.} Nf6 44. Kc4 (44. Nxe5 Nd5+ 45. Kb3 Nf4 $16)) 43... Nf6 44. Nd3 Nd7 $2 {[%mdl 8192]} (44... Nd5 $16 {was worth a try.} 45. g4 (45. Nxe5 Nf4 $16) 45... e4 46. fxe4 Nc3+ 47. Kc4 Nxe4) 45. Kc4 $18 Kc6 46. Nb4+ Kc7 47. Kd5 g5 48. g4 h6 49. Nd3 Kc8 50. c6 Nb6+ 51. Kxe5 Kc7 52. Nb4 d3 53. Nxd3 Kxc6 54. Kf5 Kd5 55. Kg6 Kd4 56. Kxh6 {White mates.} Kxd3 57. Kxg5 {KN-K3P} Ke3 58. f4 Ke4 59. h4 {[%cal Bh3h4,Bh4h5,Bh5h6][%mdl 32]} Nd5 60. h5 Nxf4 61. h6 Ne6+ 62. Kf6 Nf8 63. g5 Kd5 {Accuracy: White = 75%, Black = 35%.} 1-0

[Event "Ramco Open 2018"]
[Site "Virudhunagar"]
[Date "2018.12.02"]
[Round "7"]
[White "Kunal, M.."]
[Black "Srihari L R"]
[Result "1/2-1/2"]
[WhiteElo "2233"]
[BlackElo "2282"]
[Annotator "TA"]
[PlyCount "41"]
[EventDate "2018.11.29"]
[EventType "swiss"]
[EventCountry "IND"]
[SourceTitle "playchess.com"]
[Source "ChessBase"]
[SourceQuality "1"]

{[%evp 21,41,12,30,2,0,0,0,0,27,0,32,-15,-12,-20,-30,-17,-7,-7,-8,-53,-58,-37]} 1. e4 d6 2. d4 Nf6 3. Nc3 c6 4. a4 g6 5. h3 Bg7 6. Be3 O-O 7. Nf3 Nbd7 8. Be2 Qc7 9. O-O b6 10. Qd2 Bb7 11. Bh6 e5 {LiveBook: 9 Games. B08: Pirc Defence: Classical System} (11... Rad8 12. Rfe1 a6 13. Qg5 e5 14. Bxg7 Kxg7 15. dxe5 dxe5 16. Nh4 Ng8 17. Red1 Nc5 18. Nf3 f6 19. Qe3 {½-½ (41) Wu,W (2548)-Tkachiev,V (2642) Moscow 2004}) 12. Rfe1 a6 13. Bxg7 Kxg7 {The position is equal.} 14. Rad1 Rfd8 15. Bf1 h6 $146 ({Predecessor:} 15... Rac8 16. Qe3 b5 17. dxe5 dxe5 18. Bd3 b4 19. Ne2 {½-½ (42) Van der Meiden,D-Welten,H Haarlem 1986}) 16. g3 b5 17. b3 b4 18. Nb1 exd4 19. Qxd4 c5 20. Qxd6 Qxd6 21. Rxd6 1/2-1/2

[Event "Ramco Open 2018"]
[Site "Virudhunagar"]
[Date "2018.12.02"]
[Round "7"]
[White "Maheswaran, P.."]
[Black "Prasannaa.s"]
[Result "0-1"]
[WhiteElo "2217"]
[BlackElo "2218"]
[Annotator "TA"]
[PlyCount "131"]
[EventDate "2018.11.29"]
[EventType "swiss"]
[EventCountry "IND"]
[SourceTitle "playchess.com"]
[Source "ChessBase"]
[SourceQuality "1"]

{[%evp 17,131,20,19,0,4,13,10,-16,16,6,48,0,0,0,-6,-10,-17,-47,-20,-24,57,56,79,90,114,118,167,160,258,268,325,331,459,187,169,161,335,335,339,338,345,350,321,333,442,314,328,296,324,266,406,306,340,361,362,350,674,370,406,308,309,302,355,344,355,356,349,275,266,0,337,304,287,141,149,151,147,118,142,151,137,110,137,116,102,92,92,92,108,63,63,41,207,198,270,268,328,269,368,344,453,414,500,484,474,420,646,640,1120,686,644,629,1375,1171,656,504]} 1. e4 e5 2. Nf3 Nc6 3. Bc4 Nf6 4. d3 Be7 5. O-O O-O 6. c3 d6 7. Bb3 Na5 8. Bc2 c5 9. Nbd2 Nc6 {LiveBook: 107 Games. C55: Two Knights: 4 d3, 4 d4 exd4 5 e5 and Max Lange Attack} 10. a4 (10. Re1 Qc7 11. Nc4 Be6 12. Ne3 Rad8 13. Ng5 Bc8 14. Bb3 h6 15. Nf3 Be6 16. Bd5 Bxd5 17. exd5 Nb8 18. Nd2 g6 {½-½ (34) Areshchenko,A (2647)-Graf,A (2620) Torrelavega 2007}) 10... d5 $146 ({Predecessor:} 10... h6 11. Nc4 Be6 12. Ne3 a6 13. d4 Bd7 14. dxc5 dxc5 15. Qe2 Be6 16. Rd1 Nd7 {½-½ (28) Barua,D (2528)-Roy Chowdhury,S (2421) Calicut 2003}) 11. exd5 Nxd5 {The position is equal.} 12. Nc4 Bf6 13. Re1 {[%cal Rf3e5]} Re8 14. Nfd2 Be6 15. Ne4 Be7 $1 16. Ng3 Qc7 17. Qf3 Bf8 18. a5 Nde7 (18... f6 $11) 19. Ne4 $14 Ng6 20. Ng5 Bxc4 21. dxc4 h6 22. Bxg6 $1 hxg5 (22... fxg6 $16 23. Qd5+ Kh8) 23. Be4 $18 Nxa5 24. Bxg5 Nxc4 25. Bxb7 (25. Qd3 $142 {White threatens Bh7+ and mate.} Be7 26. Bxe7 (26. Qxc4 Bxg5 27. g3 a6 $11) 26... Rxe7 27. Qxc4) 25... Rab8 26. Bc6 $40 {[%mdl 128] White goes for the king.} (26. Rxa7 $2 Nd6 $19) 26... Re6 $2 (26... Rec8) 27. Bd5 $1 {[%csl LRc4,LRe6][%mdl 64] Double Attack} Rg6 28. Qf5 (28. Bxc4 Rxg5 29. b3 Qb7 $16) 28... Nb6 29. Qxg6 ({Not} 29. Rxe5 Nxd5 30. Rxd5 Bd6 $16) ({Less strong is} 29. Qxe5 Bd6 $14) 29... Nxd5 30. Qe4 Nb6 31. c4 Nc8 32. Bd2 ({Don't do} 32. Qxe5 Qxe5 33. Rxe5 f6 $18) 32... f6 33. Bc3 Ne7 (33... Qf7 $142 34. Qc6 Qb7 35. Qe6+ Qf7 36. Qxf7+ Kxf7) 34. Ra6 Qd7 35. f4 exf4 36. Qxf4 Rb7 $2 (36... Rb6) 37. Qe4 Nf5 38. Qe6+ Qxe6 39. Rexe6 Kf7 40. Re1 Nd6 41. Rea1 Nc8 42. Rd1 Nb6 43. Rda1 Nc8 $1 44. Rc6 Nb6 45. Ba5 (45. b3 $18 {has better winning chances.}) 45... Nxc4 $16 46. Rc7+ Rxc7 47. Bxc7 Nxb2 48. Rxa7 {[%mdl 4096] Endgame KRB-KBN} Ke6 49. Kf1 Nd3 50. Ke2 Nb4 51. Bf4 g5 52. Bd2 Bd6 53. h3 Nc6 54. Ra6 (54. Ra4 {looks sharper.} Be5 55. Kd3 Kd5 56. Bc3 Bd4 57. Ra6) 54... Ne5 $2 {[#]} ({Black should play} 54... Nd4+ $1 $14 55. Kd3 Kd5) 55. g3 $1 $18 {[%cal Bg2g3,Bg3h4,Bh4h5,Bh5h6,Bh6h7][%mdl 32]} Ng6 (55... Nf7 $142 56. Bc3 Kd5) 56. Be1 Kd5 {[#]} 57. h4 $1 gxh4 58. gxh4 Be5 59. Kf3 Ne7 60. h5 Nf5 61. Bd2 c4 (61... Nd4+ $142 62. Kf2 Nb3) 62. h6 {White is clearly winning.} c3 63. Bc1 Nd4+ 64. Ke3 Nb3 {intending ...Bd4+.} 65. h7 f5 66. Ra8 {[%mdl 32768] Accuracy: White = 54%, Black = 31%. . Loss on time!?} 0-1

[Event "Ramco Open 2018"]
[Site "Virudhunagar"]
[Date "2018.12.02"]
[Round "7"]
[White "Ramnathan, Balasubramaniam"]
[Black "Laxman, R.R."]
[Result "1/2-1/2"]
[WhiteElo "2182"]
[BlackElo "2436"]
[Annotator "TA"]
[PlyCount "44"]
[EventDate "2018.11.29"]
[EventType "swiss"]
[EventCountry "IND"]
[SourceTitle "playchess.com"]
[Source "ChessBase"]
[SourceQuality "1"]

{[%evp 31,44,0,0,-14,0,0,0,-18,0,0,11,-16,0,-47,-4]} 1. Nf3 Nf6 2. g3 c5 3. Bg2 Nc6 4. c4 d5 5. cxd5 Nxd5 6. d4 cxd4 7. Nxd4 Ndb4 8. Nxc6 Qxd1+ 9. Kxd1 Nxc6 10. Bxc6+ bxc6 11. Nc3 e5 12. Be3 {A30: Symmetrical English: Double Fianchetto and Hedgehog} Bb4 13. Kd2 O-O 14. Rhc1 Be6 15. a3 Be7 16. Na4 Rfb8 {LiveBook: 3 Games} 17. Bc5 Bg5+ 18. Be3 {[#]} Be7 $146 19. Bc5 Bg5+ 20. Be3 Be7 21. Bc5 Bg5+ 22. e3 Bg4 1/2-1/2

[Event "Ramco Open 2018"]
[Site "Virudhunagar"]
[Date "2018.12.02"]
[Round "7"]
[White "Mythireyan P"]
[Black "Muthaiah AL"]
[Result "0-1"]
[WhiteElo "1931"]
[BlackElo "2408"]
[Annotator "TA"]
[PlyCount "84"]
[EventDate "2018.11.29"]
[EventType "swiss"]
[EventCountry "IND"]
[SourceTitle "playchess.com"]
[Source "ChessBase"]
[SourceQuality "1"]

{[%evp 23,84,25,35,26,68,71,70,57,122,58,89,20,43,0,0,-8,0,0,0,-22,-13,-81,-72,-88,-107,-113,-68,-114,-105,-116,-117,-95,-103,-121,-97,-109,-105,-93,-72,-217,-237,-219,-193,-394,-381,-496,-489,-569,-493,-489,-465,-436,-474,-731,-684,-716,-715,-654,-668,-928,-912,-826,-839]} 1. d4 d6 2. c4 e5 3. Nf3 exd4 4. Nxd4 g6 5. Nc3 Bg7 6. g3 Ne7 7. Bg2 O-O 8. O-O Nbc6 9. e3 Nxd4 10. exd4 Nf5 {A25: English Opening vs King's Indian with ...Nc6 but without early d3} 11. d5 Re8 (11... Bd7 12. Qb3 Nd4 13. Qd1 Re8 14. Be3 Nf5 15. Bf4 h6 16. Qc1 Kh7 17. h3 a6 18. Rb1 {0-1 (33) Enkhbat,T (2415)-Georgiev,K (2651) Dos Hermanas 2004}) 12. Ne4 h6 {LiveBook: 3 Games. White has an edge.} 13. Rb1 Rb8 14. b4 Bd7 15. Bb2 Qe7 $146 (15... Bxb2 $14 16. Rxb2 Kg7) ({Predecessor:} 15... h5 16. Bxg7 Kxg7 17. Qd2 f6 18. Qc3 {0-1 (44) Kan,I-Yudovich,M Tbilisi (Georgia) 1937}) 16. Bxg7 ({White should try} 16. Qd2 $16) 16... Kxg7 17. f4 (17. Qd2 $16) 17... c5 $11 18. bxc5 dxc5 19. Qd2 {Hoping for d6.} b6 20. Rfe1 Nd4 21. Rbd1 Bf5 22. Nf2 (22. Kf2 $11 {keeps the balance.}) 22... Qd7 $17 23. Re5 f6 24. Ree1 h5 25. h3 Kf7 26. Kh1 Rxe1+ 27. Rxe1 Re8 28. Rxe8 Qxe8 29. g4 hxg4 30. hxg4 Bb1 31. a3 {[#]} (31. Qc3 $17 {is the only way for White.}) 31... Qe2 $1 $19 {[%cal Re2d2]} 32. Qxe2 Nxe2 {[%mdl 4096] Endgame KBN-KBN} 33. d6 $2 (33. Kh2) 33... Ke6 34. Bd5+ Kxd6 {Black is clearly winning.} 35. Nh3 {[#]} Be4+ $1 {[%mdl 576] Decoy} 36. Bxe4 Ng3+ {[%mdl 64] Double Attack} 37. Kg2 Nxe4 38. g5 (38. a4 $142 Nc3 39. Nf2) 38... fxg5 39. fxg5 Ke5 40. Kf3 Kf5 41. Nf4 Nd2+ 42. Kg3 Nxc4 {Accuracy: White = 29%, Black = 75%.} 0-1

[Event "Ramco Open 2018"]
[Site "Virudhunagar"]
[Date "2018.12.02"]
[Round "8"]
[White "Laxman, R.R."]
[Black "Harikrishnan.A.Ra"]
[Result "1/2-1/2"]
[WhiteElo "2436"]
[BlackElo "2420"]
[Annotator "TA"]
[PlyCount "54"]
[EventDate "2018.11.29"]
[EventType "swiss"]
[EventCountry "IND"]
[SourceTitle "playchess.com"]
[Source "ChessBase"]
[SourceQuality "1"]

{[%evp 17,54,20,22,-10,20,20,27,0,7,0,5,0,0,-26,0,0,0,0,0,0,0,-17,0,-14,-7,-10,0,-4,0,0,0,0,0,0,0,0,0,4,5]} 1. d4 Nf6 2. Nf3 e6 3. c4 d5 4. g3 dxc4 5. Qa4+ c6 6. Qxc4 b5 7. Qd3 Bb7 8. Bg2 Nbd7 {D30: Queen's Gambit Declined: Systems without Nc3} (8... a6 9. a4 c5 10. axb5 c4 11. Qd1 axb5 12. Rxa8 Bxa8 13. O-O Bb4 14. Bg5 Nbd7 15. Nc3 Qb6 16. Qc2 O-O 17. Rd1 {½-½ (17) Nyzhnyk,I (2599)-Galkin,A (2615) Konya 2012}) 9. O-O Be7 {LiveBook: 18 Games} 10. Bf4 a6 $146 ({Predecessor:} 10... O-O 11. Nbd2 Nd5 12. Nb3 Nxf4 13. gxf4 a5 14. Ne5 Nxe5 15. fxe5 b4 16. Rac1 {1-0 (43) Kisic,B (2173)-Raicevic,M (2368) Bar 2015}) 11. Ne5 Nd5 12. Bxd5 cxd5 13. Rc1 {Strongly threatening Nxd7.} Rc8 14. Rxc8 Qxc8 15. Nd2 Nxe5 (15... Nb6 {keeps more tension.} 16. Qb3 Nc4 17. a4 f6 18. Nd3 Bc6) 16. dxe5 {The position is equal.} O-O 17. Nb3 Qd7 18. Be3 Rc8 19. Bd4 b4 20. Rc1 Rxc1+ 21. Nxc1 a5 {[%cal Ba6a5,Ba5a4][%mdl 32]} 22. Qc2 Ba6 23. Nd3 h6 24. b3 Bb5 25. Bb6 a4 26. Bd4 Qc6 27. Qxc6 Bxc6 {Accuracy: White = 63%, Black = 53%.} 1/2-1/2